| 000 | 00366pab a2200145 454500 | ||
|---|---|---|---|
| 008 | 180718b1985 xxu||||| |||| 00| 0 eng d | ||
| 100 | _aMahajan, Y.S. | ||
| 245 | _aIndira Gandhi had set commanding heights for public sector | ||
| 260 | _c1985 | ||
| 300 | _a15-18 | ||
| 362 | _a19 Aug. | ||
| 650 | _aGovernment Enterprise | ||
| 773 | _aIndian Worker | ||
| 909 | _a9156 | ||
| 999 |
_c9156 _d9156 |
||